000 00812nam a2200265Ia 4500
001 Para_7225
003 CHAP
008 220125s9999 xx 000 0 und d
010 _a206111
040 _cCHAP
090 _aPA R-34
100 _aKlein, H.H.
_9172267
245 _aEffects of fungicides, oil, and fungicide - oil - water emulsions on development of cercoscopora leaf spot of bananas in the field /
_c H.H. Klein
500 _aSobretiro de: Phytopathology 51 (5): 294 - 7, 1961
650 _aCercospora
_921352
650 _aMancha foliar del plátano
_970305
650 _aPlátano
_x enfermedades
_989231
901 _aPA R-34
902 _aA
905 _a000000 0000000000 00
910 _a
942 _cPARA
942 _cPARA
_d1
999 _c206111
_d206111